000 02145nam a2200457 c 4500
003 BLK
005 20250308130945.0
008 180409b bul|||||r ||||||| ||bul||
010 _aKNG00148916000
020 _a978-954-09-0632-4
_bиздат.: Захарий Стоянов
040 _aBLK
041 _aBUL
_cBUL
072 7 _2bullib
_aН82
_xЛитературознание Н
080 _aБългарска литература
_b821.163.2
_x(092)
_z821.163.2(092)
080 _aБългарска литература
_b821.163.2
_x-7.09
_z821.163.2-7.09
080 _aДимитър Христов Чорбаджийски. Български писател-хуморист, краевед и художник
_b929 Чудомир
_x
_z929 Чудомир
100 1 _aКотев, Любомир Стойне
_eпърви автор
_9364855
139 _aКотев, Любомир Стойне
_bЧ 94
245 1 0 _aЧудомир
_bНепризнатият класик и неопознатият народопсихолог
_cЛюбомир Стойне Котев.
257 _aBGR
260 София
_bЗахарий Стоянов
_c2011
_fЯмбол : Светлина
300 _a224 с.
_c20 см
380 _a82
500 _aЧудомир псевд. на Димитър Христов Чорбаджийски.
600 0 _aЧудомир
_d1890 - 1967
_qЧорбаджийски, Димитър Христов
_9251385
650 4 _aЧудомир
_9251385
650 4 _aПисатели, български - творчество
_9250544
650 4 _aЛитературна критика, българска
_9241943
653 _aЧудомир
653 _aбългарски писатели
653 _aбългарска литература
653 _aхумористи
653 _aлитературни анализи
659 _aН
852 _aЦб 264154
856 4 _qpdf
_u
856 4 _qpdf
_u
942 _cKNG
_n0
_02
944 _aCR
_c08.08.2013
_lМоника Янева
_k30570
944 _aED
_c29.08.2017
_lф /
_kПенка_Димитрова
999 _c142814
_d142814